LA ETICA A TRAVES DE SU HISTORIA /

INCLUYE BIBLIOGRAFIA

שמור ב:
מידע ביבליוגרפי
מחברים אחרים: Patts, Mark (compilación) (compilación)
פורמט: ספר
סדרה:CUADERNOS; 49
נושאים:
תגים: הוספת תג

MARC

LEADER 00000nam^a2200000^a^4500
001 000231354
005 20250521000000.0
009 20260310104518.786
020 |a 968-36-0530-3 
035 |a 049820 
037 |a Acervo Xavier Clavigero 
082 |a 170. 9  |b ETI 
245 1 3 |a LA ETICA A TRAVES DE SU HISTORIA /  |c COMP. MARK PLATTS 
264 |a México :  |b UNAM, Instituto de Investigaciones Filosóficas,  |c 1988 
300 |a 137p. 
336 |a texto  |b txt  |2 rdacontenido 
337 |a sin mediación  |b n  |2 rdamedio 
338 |a volumen  |b nc  |2 rdasoporte 
440 |a CUADERNOS;  |v 49 
520 |a INCLUYE BIBLIOGRAFIA 
649 |a XX 
650 |a Etica -  |x Historia 
700 |a Patts, Mark  |e (compilación) 
910 |a Fondo General 
920 |a Impresos - Libros 
930 |a Colección General 
905 |a 101 
901 |a 049820  |b IT1  |c ACC  |i 049820  |u 20250521 
902 |a https://opac.biblio.iteso.mx/vufind/Record/000231354